| 000 | 00559 a2200181 4500 | ||
|---|---|---|---|
| 003 | Nust | ||
| 005 | 20170207153205.0 | ||
| 040 | _cNust | ||
| 082 | _a005.1 | ||
| 100 | _aIqbal, Saeed (MSCS-2) | ||
| 245 |
_aDomain security system using techniques of artificial intelligence _cSaeed Iqbal |
||
| 260 |
_bMCS _cMay, 1998 |
||
| 300 | _a230 p. | ||
| 505 | _aIntroduction (page-1), Background (page-6), Conceptualization (page-54), Implementation (page-68), Conclusion (page-125). | ||
| 538 | _aAlmirah No 73 Shelf No 1 | ||
| 650 | _aMSCS Thesis | ||
| 651 | _aMSCS-2 | ||
| 942 | _cTHS | ||
| 999 |
_c181163 _d181163 |
||